000 00908nam a22002537a 4500
005 20110919153933.0
008 110919t xxu||||| |||| 00| 0 eng d
010 _aENG-103727
020 _a9789380502830
_c880.00
035 _aEN-87260
037 _bDBAD/PUB
040 _aDPL
_bEng
100 _934730
245 _aTraditional and non-traditional threats to central Asian security /
_cedited by Ajay Patnaik [and] Anuradha M. Chenoy
260 _aNew Delhi
_bKW Publishers
_c2011
270 _a4676/21, First Floor, Ansari Road, daryaganj
_bNew Delhi
_e110002
300 _axxx,359p.
_c24cm (Hb)
500 _aIncludes bibliographical references
650 _934754
700 _934731
_aPatnaik, Ajay
700 _aChenoy, Anuradha M.
_934764
942 _2ddc
_cEN
_mTRA
999 _c56713
_d56713